000 01854cam a2200469Ia 4500
001 50544
005 20230411090003.0
008 030402s2000 sp 000 0bspa d
035 _a(OCoLC)ocm51960157
040 _aSFR
_cSFR
_dBAKER
020 _a9706516476 (pbk.) :
_c$15.95
020 _a9789706516473 (pbk.)
035 _a(OCoLC)51960157
041 1 _aspa
_heng
043 _an-us---
092 _aB
049 _aGRAL
100 1 _aAlbom, Mitch,
_d1958-
240 1 _aTuesdays with Morrie
245 1 0 _aMartes con mi viejo profesor :
_buna lección de la vida, de la muerte y del amor /
_cMitch Albom ; [tradujo Alejandro Pareja ; revisó la traducción, Trudi Kiebala].
250 _a2a ed.
260 _aMadrid :
_bMaeva ;
_aMéxico, D.F. :
_bOceano,
_cc2000.
300 _a224 p. ;
_c18 cm.
440 0 _aPara estar en el mundo
440 0 _aVivencias y personajes
500 _aTranslation of: Tuesdays with Morrie.
500 _aSubtitle on cover: Un testimonio sobre la vida, la amistad y el amor.
600 1 0 _aSchwartz, Morris S.
610 2 0 _aBrandeis University
_xFaculty
_vBiography.
650 0 _aAmyotrophic lateral sclerosis
_xPatients
_zUnited States
_vBiography.
650 0 _aTeacher-student relationships
_zUnited States
_vCase studies.
650 0 _aDeath
_xPsychological aspects
_vCase studies.
610 2 4 _aUniversidad de Brandeis
_xProfesorado
_vBiografâia.
650 4 _aEsclerosis lateral amiotrófica
_xEnfermos
_zEstados Unidos
_vBiografía.
650 7 _aRelaciones maestro-estudiante
_zEstados Unidos
_vAnálisis de casos.
_2bidex
650 7 _aMuerte
_xAspectos psicológicos
_vAnálisis de casos.
_2bidex
700 1 _aPareja, Alejandro.
700 1 _aKiebala, Trudi.
938 _aBaker & Taylor
_bBKTY
_c11.90
_d10.71
_i9706516476
_n0004449717
_sactive
942 _2lcc
_cbk
994 _aC0
_bDRFGD
999 _c110464
_d110464